000 00872cam a2200301 i 4500
001 2729692
003 OSt
005 20230619111642.0
008 770810s1976 enk 001 0 eng
010 _a 77471877
015 _aGB76-35973
020 _a0177110813 :
_c£8.95
040 _aDLC
_cDLC
_dDLC
041 1 _aengger
050 0 0 _aHM51
_b.S53513 1976
082 0 0 _a301/.092/4
_bLAW
100 1 _aSimmel, Georg,
_d1858-1918.
240 1 0 _aWorks.
_kSelections.
_lEnglish.
_f1976
245 1 0 _aGeorg Simmel :
_bsociologist and European /
_c[by] P. A. Lawrence.
260 _aSunbury-on-Thames :
_bNelson,
_c1976.
300 _axii, 275 p. ;
_c23 cm.
490 0 _aThe Making of sociology series
500 _aIncludes index.
650 0 _aSociology.
700 1 _aLawrence, Peter A.
906 _a7
_bcbc
_corignew
_d3
_encip
_f19
_gy-gencatlg
942 _2ddc
_cBK
999 _c1238
_d1238